LIBRARY & INFORMATION CENTRE, KCAET, TAVANUR

ONLINE PUBLIC ACCESS CATALOGUE (OPAC)

Normal view MARC view
  • Priyani Vasan, B

Entry Personal Name

Number of records used in: 1

001 - CONTROL NUMBER

  • control field: 7632

003 - CONTROL NUMBER IDENTIFIER

  • control field: OSt

005 - DATE AND TIME OF LATEST TRANSACTION

  • control field: 20250731160736.0

008 - FIXED-LENGTH DATA ELEMENTS

  • fixed length control field: 250731|| aca||aabn | a|a d

040 ## - CATALOGING SOURCE

  • Original cataloging agency: OSt
  • Transcribing agency: OSt

100 ## - HEADING--PERSONAL NAME

  • Personal name: Priyani Vasan, B

670 ## - SOURCE DATA FOUND

  • Source citation: Work cat.: (OSt)9576: Priyani Vasan, B ., Fundamental principles of road engineering / , 1969.
free website counter